000 00349nam a22001457a 4500
020 _a9695742041
082 _a297.12
100 _aYousaf, Salah-ud-Din Hafiz
245 _aRiyadh-us-Saleheen (Vol II) Urdu
260 _aLahore (Pakistan)
_bDarussalam
_c-
300 _a757 p.
_bill. ;
500 _aIncludes index.
650 _aHadith
942 _cBK
999 _c12134
_d12134